[Event "Lliga Catalana DH Final A"]
[Site "?"]
[Date "2015.04.11"]
[Round "10.10"]
[White "Diaz Camallonga, C."]
[Black "Luna Cortes, L."]
[Result "1-0"]
[WhiteElo "2411"]
[BlackElo "2309"]
[PlyCount "167"]
[EventDate "2015.??.??"]
[EventType "team"]

1. e4 c5 2. Nf3 e6 3. d4 cxd4 4. Nxd4 a6 5. c4 Nf6 6. Nc3 Bb4 7. Bd2 Qb6 8. Nc2
Bc5 9. Qf3 Nc6 10. Na4 Qa7 11. Nxc5 Qxc5 12. Bc3 Qh5 13. Qxh5 Nxh5 14. c5 O-O
15. Ne3 b5 16. cxb6 Rb8 17. O-O-O Rxb6 18. Nc4 Rb7 19. Nd6 Rc7 20. Kb1 Ra7 21.
g3 a5 22. e5 Ba6 23. Bg2 g6 24. Bf3 f5 25. Rd2 a4 26. Bxc6 dxc6 27. Bd4 Rc7 28.
Bb6 Rd7 29. Rc1 Rb8 30. Ba5 Bb5 31. Rc5 Ra7 32. Bc3 Ng7 33. Nxb5 cxb5 34. Bb4
Ne8 35. Rc6 Kf7 36. Bc5 Rab7 37. a3 g5 38. h3 Ng7 39. Kc2 g4 40. h4 f4 41. Rd4
fxg3 42. fxg3 h5 43. Kc3 Nf5 44. Rd3 Ne7 45. Bxe7 Rxe7 46. Rd4 Kg7 47. Kb4 Rf8
48. Rd3 Rf2 49. b3 Kf7 50. Rc5 axb3 51. Rxb3 Rb7 52. Rxb5 Rxb5+ 53. Kxb5 Re2
54. a4 Rxe5+ 55. Kb4 Ke7 56. a5 Kd6 57. Rc3 Re4+ 58. Kb5 Re1 59. Ra3 Kc7 60. a6
Kb8 61. a7+ Ka8 62. Kc4 Rf1 63. Kd4 Rf5 64. Ke4 Rb5 65. Ra6 Rb4+ 66. Ke5 Rb3
67. Kf4 Rf3+ 68. Kg5 Rf5+ 69. Kg6 Re5 70. Ra3 Rf5 71. Ra4 Re5 72. Ra6 Re3 73.
Ra4 Rxg3 74. Kxh5 Re3 75. Kxg4 Re1 76. Kg5 Rg1+ 77. Kf6 Re1 78. h5 Rh1 79. Ra5
e5 80. Rxe5 Kxa7 81. Kg6 Kb7 82. h6 Kc6 83. h7 Kd6 84. Rh5 1-0

[Event "Lliga Catalana DH Final A"]
[Site "?"]
[Date "2015.04.11"]
[Round "10.1"]
[White "Peralta, F."]
[Black "Rizouk, A."]
[Result "1/2-1/2"]
[WhiteElo "2575"]
[BlackElo "2530"]
[PlyCount "65"]
[EventDate "2015.??.??"]
[EventType "team"]

1. d4 Nf6 2. c4 e6 3. Nc3 Bb4 4. e3 O-O 5. Bd3 d5 6. Nf3 c5 7. O-O cxd4 8. exd4
dxc4 9. Bxc4 b6 10. Bg5 Bb7 11. Qe2 Nbd7 12. Rac1 Qb8 13. Rfe1 Rc8 14. Bd3 h6
15. Bd2 Qd6 16. Nb5 Qe7 17. Bxb4 Qxb4 18. a3 Bxf3 19. Qxf3 Qd2 20. Nc7 Rab8 21.
Qe3 Qa5 22. b4 Qh5 23. Qg3 a5 24. h3 Rd8 25. Be2 Qf5 26. Bd3 Qh5 27. Kh2 Rbc8
28. Ba6 Rb8 29. Be2 Qf5 30. Bd3 Qh5 31. Be2 Qf5 32. Bd3 Qh5 33. Be2 1/2-1/2

[Event "Lliga Catalana DH Final A"]
[Site "?"]
[Date "2015.04.11"]
[Round "10.2"]
[White "Galego, L."]
[Black "Fluvia Poyatos, Joan"]
[Result "1/2-1/2"]
[WhiteElo "2461"]
[BlackElo "2551"]
[PlyCount "71"]
[EventDate "2015.??.??"]
[EventType "team"]

1. e4 c5 2. Nf3 d6 3. Nc3 a6 4. g3 Nc6 5. Bg2 e5 6. O-O Nge7 7. d3 g6 8. Nh4
Bg7 9. f4 exf4 10. gxf4 f5 11. exf5 Nxf5 12. Nxf5 Bxf5 13. Re1+ Kf7 14. Ne4
Bd4+ 15. Kh1 Re8 16. c3 Bf6 17. Qb3+ Kg7 18. Qxb7+ Bd7 19. Qb3 Rb8 20. Qd1 Bh4
21. Rf1 Qe7 22. b3 d5 23. Ng5 d4 24. c4 Qe2 25. Qxe2 Rxe2 26. Ba3 Nb4 27. Bxb4
cxb4 28. Nf3 Bf2 29. Ne5 Be6 30. Bf3 Rb2 31. Bg4 Bf5 32. Bxf5 gxf5 33. c5 Rc8
34. c6 Be3 35. Rf3 Kf6 36. Nc4 1/2-1/2

[Event "Lliga Catalana DH Final A"]
[Site "?"]
[Date "2015.04.11"]
[Round "10.3"]
[White "Panelo Muñoz, MA."]
[Black "Vassallo Barroche, M."]
[Result "1-0"]
[WhiteElo "2457"]
[BlackElo "2424"]
[PlyCount "69"]
[EventDate "2015.??.??"]
[EventType "team"]

1. d4 Nf6 2. c4 g6 3. Nc3 Bg7 4. e4 d6 5. Nf3 O-O 6. Be2 e5 7. d5 a5 8. Bg5 h6
9. Be3 Ng4 10. Bd2 f5 11. exf5 gxf5 12. h3 Nf6 13. Qc1 f4 14. g3 e4 15. Nh4 e3
16. fxe3 fxg3 17. Ng6 Rf7 18. Qc2 Na6 19. Rg1 Nb4 20. Qb1 Nh7 21. Rxg3 Bf5 22.
e4 Bxg6 23. Rxg6 Qh4+ 24. Kd1 Ng5 25. a3 Raf8 26. Kc1 Na6 27. Kc2 Nc5 28. Qg1
Ncxe4 29. Nxe4 Qxe4+ 30. Bd3 Qh4 31. Bc3 Kh8 32. Rxg7 Rxg7 33. Rf1 Rxf1 34.
Qxf1 Kg8 35. Qf6 1-0

[Event "Lliga Catalana DH Final A"]
[Site "?"]
[Date "2015.04.11"]
[Round "10.4"]
[White "Alonso Moyano, J."]
[Black "Jose Abril, R."]
[Result "1-0"]
[WhiteElo "2471"]
[BlackElo "2400"]
[PlyCount "73"]
[EventDate "2015.??.??"]
[EventType "team"]

1. e4 g6 2. d4 Bg7 3. Nf3 d6 4. Bc4 Nf6 5. Qe2 O-O 6. O-O c6 7. Bb3 Qc7 8. e5
dxe5 9. dxe5 Nd5 10. c4 Nb6 11. Bf4 Bg4 12. Nbd2 N8d7 13. Qe3 Be6 14. Rfe1 Rfe8
15. h4 Nf8 16. h5 a5 17. a4 Nbd7 18. Rac1 b6 19. hxg6 hxg6 20. Rc3 Nc5 21. Bc2
Qc8 22. Nd4 Bd7 23. Bh6 Nfe6 24. Bxg7 Nxg7 25. Qh6 Bg4 26. N2f3 Nce6 27. Nxe6
Nxe6 28. Re4 Nf8 29. Nh2 Bf5 30. Rh4 f6 31. Rf3 Rd8 32. Bxf5 Rd1+ 33. Nf1 gxf5
34. Qh5 Rxf1+ 35. Kxf1 Ne6 36. Rg3+ Ng5 37. Qg6+ 1-0

[Event "Lliga Catalana DH Final A"]
[Site "?"]
[Date "2015.04.11"]
[Round "10.5"]
[White "Oms Fuentes, L."]
[Black "Gomez Jurado, LA."]
[Result "1/2-1/2"]
[WhiteElo "2378"]
[BlackElo "2422"]
[PlyCount "37"]
[EventDate "2015.??.??"]
[EventType "team"]

1. e4 c6 2. c4 d5 3. cxd5 cxd5 4. exd5 Nf6 5. Nc3 Nxd5 6. d4 Nc6 7. Nf3 Bg4 8.
Qb3 Bxf3 9. gxf3 e6 10. Qxb7 Nxd4 11. Bb5+ Nxb5 12. Qxb5+ Qd7 13. Nxd5 exd5 14.
Qxd7+ Kxd7 15. Be3 Bb4+ 16. Ke2 Rhc8 17. Rac1 Ba5 18. Kd3 Bb6 19. b4 1/2-1/2

[Event "Lliga Catalana DH Final A"]
[Site "?"]
[Date "2015.04.11"]
[Round "10.6"]
[White "Martinez Ramirez, E."]
[Black "Gutierrez Clares, J."]
[Result "1-0"]
[WhiteElo "2349"]
[BlackElo "2328"]
[PlyCount "65"]
[EventDate "2015.??.??"]
[EventType "team"]

1. e4 c5 2. Nf3 e6 3. d4 cxd4 4. Nxd4 Qb6 5. Nb3 Nf6 6. Nc3 Bb4 7. Bd3 Bxc3+ 8.
bxc3 d6 9. O-O e5 10. Nd2 Qc7 11. Nc4 O-O 12. Ne3 Be6 13. c4 Nbd7 14. Nd5 Bxd5
15. cxd5 Nc5 16. Re1 Rac8 17. a4 Nfd7 18. Be3 f5 19. f3 f4 20. Bf2 Qa5 21. Qe2
Nxd3 22. cxd3 Rc3 23. Qd2 Nc5 24. Ra3 Nxa4 25. Rxa4 Qc7 26. Rxa7 Rc8 27. h3 Qb8
28. Rea1 Qc7 29. Rb1 Rc2 30. Rbxb7 Qxb7 31. Qxc2 Qb8 32. Qa4 Rd8 33. Qc6 1-0

[Event "Lliga Catalana DH Final A"]
[Site "?"]
[Date "2015.04.11"]
[Round "10.7"]
[White "Fernandez Madrid, C."]
[Black "Perez Mañas, B."]
[Result "0-1"]
[WhiteElo "2270"]
[BlackElo "2381"]
[PlyCount "106"]
[EventDate "2015.??.??"]
[EventType "team"]

1. c4 f5 2. g3 Nf6 3. Bg2 g6 4. Nc3 Bg7 5. d3 d6 6. e4 Nc6 7. Nge2 O-O 8. exf5
Bxf5 9. O-O Kh8 10. Bg5 Qd7 11. Qd2 Ne5 12. d4 Nxc4 13. Qc1 c6 14. Bxf6 exf6
15. d5 cxd5 16. Nxd5 Rac8 17. b3 Ne5 18. Qa3 b6 19. Rad1 Bg4 20. f3 Be6 21.
Ndf4 Bg8 22. Rxd6 Qe7 23. Qb4 Nd3 24. Nxd3 Qxe2 25. Rf2 Qe3 26. Qf4 Qxf4 27.
Nxf4 Rfd8 28. Rfd2 Rxd6 29. Rxd6 Bf8 30. Rd2 Bc5+ 31. Kf1 Be3 32. Rd7 Rc2 33.
Rxa7 Rf2+ 34. Ke1 g5 35. Nh5 Rxg2 36. Nxf6 Bd4 37. Ne4 h6 38. Rd7 Bg7 39. Rd6
Rxa2 40. Rxb6 Rxh2 41. Rb8 Kh7 42. b4 Bd5 43. b5 Be5 44. Re8 Bxe4 45. Rxe5 Bxf3
46. b6 Rb2 47. Re6 h5 48. Rf6 g4 49. Rd6 h4 50. Rd7+ Kg6 51. gxh4 g3 52. Rd6+
Kh5 53. Rd8 Re2+ 0-1

[Event "Lliga Catalana DH Final A"]
[Site "?"]
[Date "2015.04.11"]
[Round "10.8"]
[White "Obon Temprano, S."]
[Black "Fernandez Serrano, P."]
[Result "1-0"]
[WhiteElo "2373"]
[BlackElo "2256"]
[PlyCount "107"]
[EventDate "2015.??.??"]
[EventType "team"]

1. d4 g6 2. Nf3 Bg7 3. c3 d6 4. Bg5 Nd7 5. Nbd2 c5 6. e3 Qa5 7. Qb3 Ngf6 8. Bc4
O-O 9. O-O Nb6 10. Be2 Be6 11. Qc2 Rac8 12. dxc5 Qxc5 13. e4 Qa5 14. Rfe1 Rc7
15. Bf4 Nfd7 16. Ng5 Bc4 17. Nxc4 Nxc4 18. Bxc4 Rxc4 19. Qb3 Nb6 20. Be3 Rc6
21. Nf3 Rfc8 22. Nd4 Rc5 23. a4 Nc4 24. Qxb7 Nxe3 25. Nb3 Qc7 26. Nxc5 Qxb7 27.
Nxb7 Nc2 28. Na5 Nxe1 29. Rxe1 Rb8 30. Nc4 Kf8 31. Kf1 Ke8 32. Ke2 Kd7 33. Kd3
h5 34. b4 Rc8 35. Rc1 e6 36. Ne3 Kc6 37. Nc2 Be5 38. Nd4+ Kb6 39. g3 Bxd4 40.
Kxd4 Rc7 41. c4 Rd7 42. a5+ Ka6 43. Ra1 Kb7 44. b5 Rc7 45. Rd1 Rc5 46. Kc3 Kc7
47. f4 h4 48. Kb4 Rh5 49. g4 Rh8 50. e5 dxe5 51. fxe5 h3 52. c5 Rh4 53. Rd4 Kc8
54. c6 1-0

[Event "Lliga Catalana DH Final A"]
[Site "?"]
[Date "2015.04.11"]
[Round "10.9"]
[White "Gardela Batlle, J."]
[Black "Rivas Garcia, V."]
[Result "1/2-1/2"]
[WhiteElo "2250"]
[BlackElo "2346"]
[PlyCount "80"]
[EventDate "2015.??.??"]
[EventType "team"]

1. Nf3 f5 2. c4 Nf6 3. Nc3 d6 4. d3 e5 5. g3 g6 6. Bg2 Bg7 7. O-O O-O 8. Bg5 h6
9. Bxf6 Qxf6 10. Rb1 c6 11. e3 Be6 12. Nd2 Nd7 13. b4 e4 14. d4 d5 15. Qe2 Qf7
16. cxd5 cxd5 17. f4 Nb6 18. Rfc1 Rfc8 19. Bf1 Bf8 20. a4 Nc4 21. Nxc4 Rxc4 22.
Na2 Rac8 23. Qd2 R4c7 24. Rxc7 Qxc7 25. Rc1 Qd8 26. Rc3 Bd6 27. Qc2 Rxc3 28.
Qxc3 g5 29. Be2 gxf4 30. gxf4 Qh4 31. Kg2 Qe7 32. Bd1 Kf8 33. a5 a6 34. Be2 Kg8
35. b5 axb5 36. Bxb5 Qg7+ 37. Kh1 Qg4 38. Qd2 Kh7 39. Be2 Qg7 40. Qc3 Qe7
1/2-1/2

[Event "Lliga Catalana DH Final A"]
[Site "?"]
[Date "2015.04.11"]
[Round "10.10"]
[White "Bosque Ortega, X."]
[Black "Barcelo Sola, D."]
[Result "1-0"]
[WhiteElo "2302"]
[BlackElo "2119"]
[PlyCount "47"]
[EventDate "2015.??.??"]
[EventType "team"]

1. d4 d5 2. Bf4 Nf6 3. e3 c5 4. c3 Nc6 5. Nd2 g6 6. h3 Bg7 7. Ngf3 Nd7 8. Qb3
Qb6 9. Qxb6 axb6 10. Bb5 O-O 11. Bc7 f6 12. O-O e5 13. c4 exd4 14. cxd5 Nb4 15.
exd4 Kh8 16. Bd6 Rf7 17. a3 Nc2 18. Rac1 Nxd4 19. Nxd4 cxd4 20. Rc7 Kg8 21. Re1
Ne5 22. Rxf7 Kxf7 23. f4 Ra5 24. a4 1-0

[Event "Lliga Catalana DH Final A"]
[Site "?"]
[Date "2015.04.11"]
[Round "10.1"]
[White "Cruz Sanchez, J."]
[Black "Movsziszian, K."]
[Result "1-0"]
[WhiteElo "2501"]
[BlackElo "2513"]
[PlyCount "83"]
[EventDate "2015.??.??"]
[EventType "team"]

1. c4 d6 2. Nc3 e5 3. g3 Nc6 4. Bg2 f5 5. d3 Nf6 6. e3 Be7 7. Nge2 O-O 8. O-O
Qe8 9. Bd2 Kh8 10. Rc1 Nd8 11. Nd5 Nxd5 12. cxd5 c6 13. b4 Bd7 14. Nc3 Rc8 15.
Qa4 c5 16. Qxa7 cxb4 17. Nb1 Rxc1 18. Rxc1 Bb5 19. d4 Ba6 20. Qb8 exd4 21. exd4
Qa4 22. Qc7 Re8 23. Re1 Bf8 24. Rxe8 Qxe8 25. Bxb4 Nf7 26. Qc1 Qe2 27. Qd2 Qh5
28. h4 g5 29. hxg5 Nxg5 30. Qe3 Qd1+ 31. Qe1 Qxe1+ 32. Bxe1 Bg7 33. Bb4 Bxd4
34. Bxd6 Bc4 35. Bf4 Ne4 36. Bxe4 fxe4 37. d6 Be6 38. Nd2 Bf5 39. Nb3 Bf6 40.
a4 b6 41. Be3 Bd7 42. Bxb6 1-0

[Event "Lliga Catalana DH Final A"]
[Site "?"]
[Date "2015.04.11"]
[Round "10.2"]
[White "Gonzalez Perez, A."]
[Black "Cruz Estrada, F."]
[Result "1-0"]
[WhiteElo "2527"]
[BlackElo "2462"]
[PlyCount "35"]
[EventDate "2015.??.??"]
[EventType "team"]

1. e4 c5 2. Nf3 e6 3. d3 Nc6 4. g3 d5 5. Qe2 Nge7 6. Bg2 g6 7. O-O Bg7 8. e5 b6
9. c3 Ba6 10. Re1 h6 11. h4 Qd7 12. Na3 g5 13. hxg5 hxg5 14. Bxg5 Ng6 15. c4
Ngxe5 16. Nxe5 Nxe5 17. cxd5 Bb7 18. Nc4 1-0

[Event "Lliga Catalana DH Final A"]
[Site "?"]
[Date "2015.04.11"]
[Round "10.3"]
[White "Gonzalez Garcia, M."]
[Black "Akbarinia, SA."]
[Result "0-1"]
[WhiteElo "2331"]
[BlackElo "2366"]
[PlyCount "92"]
[EventDate "2015.??.??"]
[EventType "team"]

1. d4 d5 2. Nf3 c6 3. Bf4 Qb6 4. Qc1 Nf6 5. e3 Bf5 6. Be2 h6 7. h3 Nbd7 8. Nbd2
c5 9. c3 e6 10. Ne5 Nxe5 11. Bxe5 Nd7 12. Bg3 Be7 13. O-O O-O 14. Nf3 c4 15.
Bd1 Bd6 16. Bxd6 Qxd6 17. a4 Bd3 18. Re1 f5 19. Bc2 Be4 20. Nh2 e5 21. f3 Bxc2
22. Qxc2 Rae8 23. Rad1 Qc6 24. dxe5 Nxe5 25. Nf1 Nd3 26. Rxd3 cxd3 27. Qxd3 f4
28. Re2 Kh8 29. a5 Qc5 30. b4 Qc6 31. Kf2 Rc8 32. Rc2 Qa4 33. Rc1 Rfd8 34. exf4
d4 35. c4 Qxb4 36. f5 Qxa5 37. f6 gxf6 38. Nd2 Qg5 39. Re1 Rg8 40. g4 Qh4+ 41.
Ke2 Rge8+ 42. Ne4 Qxh3 43. Qxd4 Qg2+ 44. Ke3 Rc6 45. Qd7 Rce6 46. Qxb7 Qg3 0-1

[Event "Lliga Catalana DH Final A"]
[Site "?"]
[Date "2015.04.11"]
[Round "10.4"]
[White "Dominguez Pons, E."]
[Black "Boix Moreno, D."]
[Result "1-0"]
[WhiteElo "2402"]
[BlackElo "2320"]
[PlyCount "103"]
[EventDate "2015.??.??"]
[EventType "team"]

1. e4 c5 2. Nf3 d6 3. d3 Nc6 4. g3 g6 5. Bg2 Bg7 6. O-O Bg4 7. h3 Bxf3 8. Qxf3
e6 9. c3 Nge7 10. Bf4 O-O 11. Re1 b5 12. Qe3 b4 13. Bh6 bxc3 14. Bxg7 Kxg7 15.
bxc3 Qa5 16. Rc1 Rab8 17. Nd2 e5 18. h4 f5 19. exf5 Nxf5 20. Qg5 Nd8 21. Nc4
Qc7 22. h5 Nf7 23. Qg4 N7h6 24. Qe2 Ng8 25. hxg6 hxg6 26. a4 Nf6 27. a5 Rfe8
28. Re1 Re7 29. a6 d5 30. Ne3 Nxe3 31. Qxe3 Rbe8 32. Reb1 Qd6 33. c4 d4 34. Qg5
e4 35. dxe4 Nxe4 36. Bxe4 Rxe4 37. Rb7+ R8e7 38. Rab1 d3 39. Rd1 R4e5 40. Qd2
Qxa6 41. Rxe7+ Rxe7 42. Qxd3 Qf6 43. Qd5 Rc7 44. Rb1 Qe7 45. Qa8 Rd7 46. Rb8
Qf7 47. Qe4 Re7 48. Qd3 Rd7 49. Qc3+ Rd4 50. Qe3 Rd1+ 51. Kg2 Rd4 52. Qe5+ 1-0

[Event "Lliga Catalana DH Final A"]
[Site "?"]
[Date "2015.04.11"]
[Round "10.5"]
[White "Leiro Giralt, D."]
[Black "Delisau Gil, O."]
[Result "1-0"]
[WhiteElo "2303"]
[BlackElo "2316"]
[PlyCount "55"]
[EventDate "2015.??.??"]
[EventType "team"]

1. e4 c5 2. Nc3 d6 3. Nge2 Nf6 4. g3 g6 5. Bg2 Bg7 6. d4 cxd4 7. Nxd4 O-O 8. h3
Nc6 9. Nde2 Rb8 10. a4 a6 11. O-O b5 12. axb5 axb5 13. Nd5 Nd7 14. c3 b4 15.
Nd4 Nde5 16. f4 bxc3 17. fxe5 Nxd4 18. bxc3 Nc6 19. exd6 Qxd6 20. Bf4 Ne5 21.
Ra7 Rb7 22. Rxb7 Bxb7 23. Qb3 Qc5+ 24. Kh2 Ba6 25. Ra1 Qf2 26. Qa2 Nf3+ 27. Kh1
Be2 28. Rf1 1-0

[Event "Lliga Catalana DH Final A"]
[Site "?"]
[Date "2015.04.11"]
[Round "10.6"]
[White "Travesset Ribera, J."]
[Black "Gallart Zafra, J."]
[Result "1/2-1/2"]
[WhiteElo "2320"]
[BlackElo "2305"]
[PlyCount "133"]
[EventDate "2015.??.??"]
[EventType "team"]

1. d4 Nf6 2. Bg5 Ne4 3. Bf4 d5 4. f3 Nf6 5. Nc3 Bf5 6. e4 dxe4 7. fxe4 Nxe4 8.
Qf3 Nxc3 9. bxc3 Qc8 10. Bc4 e6 11. Ne2 c6 12. O-O Nd7 13. Rae1 Be7 14. g4 Bg6
15. Bg3 Qd8 16. Nf4 O-O 17. Qe2 Bf6 18. Ng2 Qa5 19. Rf3 h5 20. h3 hxg4 21. hxg4
Rfe8 22. Nf4 Nf8 23. Bd3 Bxd3 24. Qxd3 Qg5 25. Nh5 Qxg4 26. Nxf6+ gxf6 27. Rxf6
Ng6 28. Ref1 Re7 29. Qf3 Qxf3 30. R6xf3 f5 31. Kf2 Kf7 32. c4 Rd7 33. c3 Rh8
34. c5 Ne7 35. Be5 Rh7 36. Ke3 Nd5+ 37. Kd3 Nf6 38. Re1 Rh4 39. Kc2 Rg4 40. Rh1
Kg6 41. a4 Rh7 42. Rb1 Ne4 43. Kd3 Rg2 44. Bf4 Ra2 45. Rb4 a5 46. Rb1 Rxa4 47.
Kc2 Ra2+ 48. Kb3 Rf2 49. Rxf2 Nxf2 50. Rg1+ Kf7 51. Be5 Ng4 52. Ka4 Nxe5 53.
dxe5 Rh3 54. Kxa5 Rxc3 55. Kb6 f4 56. Rg4 f3 57. Rf4+ Ke7 58. Rf6 Rb3+ 59. Kc7
Re3 60. Kb6 Rxe5 61. Rxf3 Rf5 62. Rh3 e5 63. Kxb7 Rf6 64. Rh7+ Ke8 65. Rh8+ Ke7
66. Rh7+ Ke8 67. Rh8+ 1/2-1/2

[Event "Lliga Catalana DH Final A"]
[Site "?"]
[Date "2015.04.11"]
[Round "10.7"]
[White "Prat Llables, J."]
[Black "Subirats Ruiz, S."]
[Result "0-1"]
[WhiteElo "2294"]
[BlackElo "2283"]
[PlyCount "98"]
[EventDate "2015.??.??"]
[EventType "team"]

1. e4 e6 2. d4 d5 3. e5 c5 4. c3 Nc6 5. Nf3 Qb6 6. a3 c4 7. Nbd2 Na5 8. Rb1 Bd7
9. Be2 Ne7 10. b3 cxb3 11. Nxb3 Qc7 12. Nxa5 Qxa5 13. Rxb7 Nc8 14. Bd2 Bc6 15.
c4 Qa6 16. cxd5 Qxb7 17. dxc6 Qc7 18. d5 exd5 19. O-O Be7 20. Bf4 O-O 21. Qxd5
Bxa3 22. Ng5 h6 23. Ne4 Ne7 24. Qb3 Ng6 25. Bg3 Be7 26. e6 Qxc6 27. exf7+ Kh8
28. Bf3 Qb6 29. Qa2 a5 30. Rb1 Rac8 31. h4 Qa6 32. h5 Nh4 33. Bg4 Rc4 34. Be2
Ra4 35. Qxa4 Qxe2 36. Nc3 Qxh5 37. Rb5 Nf5 38. Qxa5 Qxf7 39. Qa4 Nxg3 40. fxg3
Bc5+ 41. Kh2 Qh5+ 42. Qh4 Rf5 43. Rb8+ Kh7 44. Ne4 Bg1+ 45. Kxg1 Qd1+ 46. Kh2
Rh5 47. Re8 Rxh4+ 48. gxh4 Qh5 49. Nd6 Qxh4+ 0-1

[Event "Lliga Catalana DH Final A"]
[Site "?"]
[Date "2015.04.11"]
[Round "10.9"]
[White "Marques Taltavull, A."]
[Black "Anguera Maestro, J."]
[Result "1-0"]
[WhiteElo "2209"]
[BlackElo "2205"]
[PlyCount "113"]
[EventDate "2015.??.??"]
[EventType "team"]

1. c4 c6 2. Nf3 d5 3. g3 Nf6 4. b3 g6 5. Bb2 Bg7 6. Bg2 O-O 7. O-O Be6 8. d3 h6
9. Nbd2 Qc8 10. Re1 Bh3 11. Bh1 Rd8 12. Rc1 e6 13. Rc2 Nbd7 14. Qa1 Ne8 15.
cxd5 exd5 16. e4 Bxb2 17. Qxb2 Ndf6 18. e5 Nh5 19. Nd4 Nf4 20. Re3 Ne6 21. N2f3
Qd7 22. b4 N8g7 23. a4 a5 24. Nxe6 Nxe6 25. d4 axb4 26. Qxb4 Rdb8 27. Ra3 b6
28. Bg2 Bxg2 29. Kxg2 c5 30. dxc5 bxc5 31. Qd2 Kg7 32. a5 d4 33. Qd3 Qd5 34.
Qc4 Qxc4 35. Rxc4 Rd8 36. Ne1 Ra6 37. Nd3 Rc8 38. h4 g5 39. hxg5 hxg5 40. Kf3
Kg6 41. Ke4 g4 42. Nf4+ Nxf4 43. Kxf4 f6 44. exf6 Rxf6+ 45. Kxg4 Rxf2 46. a6
Kf6 47. Rf3+ Rxf3 48. Kxf3 Ke5 49. a7 Kd5 50. Ra4 Ra8 51. g4 Kc6 52. Ke4 Kb7
53. Kd3 Kc6 54. g5 Kd5 55. Ra5 Ke5 56. Rxc5+ Kf4 57. Ra5 1-0

[Event "Lliga Catalana DH Final A"]
[Site "?"]
[Date "2015.04.11"]
[Round "10.10"]
[White "Garcia Lopez, N."]
[Black "Torrents Ludewig, M."]
[Result "1-0"]
[WhiteElo "2172"]
[BlackElo "2062"]
[PlyCount "39"]
[EventDate "2015.??.??"]
[EventType "team"]

1. e4 c6 2. Nc3 d5 3. Nf3 Bg4 4. d4 Nf6 5. h3 Bh5 6. e5 Ne4 7. g4 Bg6 8. e6 Qd6
9. exf7+ Bxf7 10. Ne5 Nxc3 11. bxc3 Qe6 12. Bd3 g6 13. f4 Bg7 14. f5 gxf5 15.
Bxf5 Qd6 16. Bf4 Qd8 17. Qe2 e6 18. Nxf7 Qh4+ 19. Kd2 Kxf7 20. Qxe6+ 1-0

[Event "Lliga Catalana DH Final A"]
[Site "?"]
[Date "2015.04.18"]
[Round "11.1"]
[White "Ipatov, A."]
[Black "Alsina Leal, D."]
[Result "1/2-1/2"]
[WhiteElo "2549"]
[BlackElo "2567"]
[PlyCount "61"]
[EventDate "2015.??.??"]
[EventType "team"]

1. d4 Nf6 2. Bg5 d5 3. e3 c5 4. Bxf6 gxf6 5. dxc5 e6 6. Nf3 Bxc5 7. c4 dxc4 8.
Nbd2 a6 9. Bxc4 b5 10. Be2 Bb7 11. O-O Nd7 12. a4 b4 13. Rc1 Rg8 14. Bd3 f5 15.
e4 f4 16. Re1 Ba7 17. Nb3 Qb6 18. Qd2 Rd8 19. Rc4 a5 20. Rc2 Bb8 21. Bb5 Ke7
22. Qd4 Qxd4 23. Nfxd4 Ne5 24. Kf1 Ba8 25. Nf3 Rc8 26. Rxc8 Rxc8 27. Nxa5 Rc2
28. Re2 Rc1+ 29. Re1 Rc2 30. Re2 Rc1+ 31. Re1 1/2-1/2

[Event "Lliga Catalana DH Final A"]
[Site "?"]
[Date "2015.04.18"]
[Round "11.2"]
[White "Delorme, A."]
[Black "Rizouk, A."]
[Result "1-0"]
[WhiteElo "2483"]
[BlackElo "2530"]
[PlyCount "129"]
[EventDate "2015.??.??"]
[EventType "team"]

1. d4 Nf6 2. Nf3 e6 3. g3 d5 4. c4 Be7 5. Bg2 O-O 6. Nc3 dxc4 7. O-O c5 8. dxc5
Qa5 9. Qd4 Nc6 10. Qxc4 Bxc5 11. Bd2 Be7 12. Nb5 Qb6 13. Be3 Qa5 14. Nbd4 Bd7
15. Nb3 Qd5 16. Qxd5 Nxd5 17. Bc5 b6 18. Bxe7 Ncxe7 19. Nbd4 Rfc8 20. Ne5 Be8
21. Rfc1 Rd8 22. Ndc6 Nxc6 23. Nxc6 Bxc6 24. Rxc6 g6 25. Rac1 Kg7 26. a3 Rd7
27. b4 Rad8 28. Be4 Kf6 29. f4 h6 30. Kf2 g5 31. Kf3 gxf4 32. gxf4 Ke7 33. Bd3
Nf6 34. Rc7 Rxc7 35. Rxc7+ Rd7 36. Rxd7+ Nxd7 37. Bb5 Nf8 38. e4 f6 39. Bd3 e5
40. f5 Kf7 41. Bc4+ Kg7 42. Ke3 Nh7 43. h4 Kf8 44. Kd3 Ke7 45. Bg8 Nf8 46. Kc4
Kd6 47. Kb5 Kc7 48. Ka6 Kb8 49. a4 Nd7 50. Bf7 Ka8 51. Bd5+ Kb8 52. Bc6 Nf8 53.
Be8 Nh7 54. a5 bxa5 55. bxa5 Nf8 56. Kb5 Kc7 57. Ka6 Kb8 58. Kb5 Kc7 59. Kc5
Kd8 60. Bb5 Ke7 61. Kc6 Nd7 62. Bc4 Nf8 63. Bd5 Nd7 64. Kb7 Kd6 65. Kxa7 1-0

[Event "Lliga Catalana DH Final A"]
[Site "?"]
[Date "2015.04.18"]
[Round "11.3"]
[White "Galego, L."]
[Black "Vila Gazquez, X."]
[Result "1-0"]
[WhiteElo "2461"]
[BlackElo "2512"]
[PlyCount "83"]
[EventDate "2015.??.??"]
[EventType "team"]

1. d4 Nf6 2. Nf3 g6 3. Bg5 Bg7 4. Nbd2 d5 5. c3 O-O 6. Bxf6 Bxf6 7. e4 dxe4 8.
Nxe4 Bg7 9. Bc4 Nd7 10. O-O Nf6 11. Nxf6+ Bxf6 12. Qb3 c5 13. Ne5 e6 14. Rad1
cxd4 15. cxd4 b6 16. Qf3 Bxe5 17. dxe5 Bd7 18. Bb5 Bxb5 19. Rxd8 Raxd8 20. Rc1
Rd3 21. Qf4 Rfd8 22. h4 Rd1+ 23. Rxd1 Rxd1+ 24. Kh2 h5 25. f3 Bc6 26. Qe3 Rd5
27. b4 Bb5 28. Qc3 Rd3 29. Qc7 Ra3 30. Qc2 Kg7 31. Kg3 a5 32. Qb2 axb4 33. Qxb4
Ra5 34. a3 Bf1 35. Kf2 Rb5 36. Qe4 Ra5 37. Kxf1 Rxa3 38. Qb4 Ra5 39. Qxb6 Rxe5
40. Qd4 f6 41. Qd7+ Kg8 42. Qe7 1-0

[Event "Lliga Catalana DH Final A"]
[Site "?"]
[Date "2015.04.18"]
[Round "11.4"]
[White "Pardo Simon, D."]
[Black "Vassallo Barroche, M."]
[Result "1-0"]
[WhiteElo "2474"]
[BlackElo "2424"]
[PlyCount "71"]
[EventDate "2015.??.??"]
[EventType "team"]

1. e4 g6 2. d4 Bg7 3. Nc3 d6 4. f4 a6 5. Nf3 b5 6. Bd3 Bb7 7. e5 Nh6 8. O-O O-O
9. Be4 Bxe4 10. Nxe4 Qc8 11. a4 Nd7 12. Qe2 Nb6 13. a5 Nd5 14. Bd2 Qb7 15. c3
f6 16. b3 fxe5 17. fxe5 Nf4 18. Bxf4 Rxf4 19. Neg5 dxe5 20. Ne6 Rf5 21. Nxe5
Bxe5 22. Rxf5 Bxh2+ 23. Kxh2 gxf5 24. Kg1 Ng4 25. Re1 Rc8 26. Nc5 Qd5 27. Qe6+
Qxe6 28. Rxe6 Kf7 29. Rxa6 Nf6 30. Rc6 Nd5 31. Nd3 e6 32. c4 bxc4 33. bxc4 Ne7
34. Rc5 Ra8 35. Nb4 Ke8 36. Rxc7 1-0

[Event "Lliga Catalana DH Final A"]
[Site "?"]
[Date "2015.04.18"]
[Round "11.5"]
[White "Alonso Moyano, J."]
[Black "Alexandrova, O."]
[Result "0-1"]
[WhiteElo "2471"]
[BlackElo "2438"]
[PlyCount "100"]
[EventDate "2015.??.??"]
[EventType "team"]

1. e4 e6 2. d4 d5 3. Nd2 c5 4. Ngf3 cxd4 5. exd5 Qxd5 6. Bc4 Qd6 7. O-O Nf6 8.
Nb3 Nc6 9. Nbxd4 Nxd4 10. Nxd4 a6 11. Re1 Be7 12. Bd3 O-O 13. Nf3 b5 14. a4 b4
15. Ne5 Bb7 16. Qe2 Qd5 17. Qf1 Bd6 18. f4 Bc5+ 19. Kh1 Bd4 20. h3 Qd6 21. Qe2
g6 22. Bd2 a5 23. c3 bxc3 24. bxc3 Bc5 25. Rab1 Qc7 26. Kh2 Rad8 27. c4 Ba6 28.
g3 Rb8 29. Rec1 Rxb1 30. Rxb1 Rd8 31. Qe1 Qd6 32. Bxa5 Rc8 33. Rd1 Qe7 34. Bc3
Bb7 35. Ba1 Ba8 36. g4 Qb7 37. Qe2 Be7 38. Rb1 Qa7 39. Re1 Bb4 40. Rf1 Be7 41.
g5 Nh5 42. Ng4 Bf8 43. Nh6+ Bxh6 44. gxh6 Qd7 45. Rg1 f6 46. Bxg6 hxg6 47.
Rxg6+ Kh8 48. Qxh5 Qd2+ 49. Kg3 Qe1+ 50. Kg4 Bf3+ 0-1

[Event "Lliga Catalana DH Final A"]
[Site "?"]
[Date "2015.04.18"]
[Round "11.6"]
[White "Aloma Vidal, R."]
[Black "Gomez Jurado, LA."]
[Result "1-0"]
[WhiteElo "2482"]
[BlackElo "2422"]
[PlyCount "84"]
[EventDate "2015.??.??"]
[EventType "team"]

1. d4 d5 2. c4 c6 3. Nf3 Nf6 4. Nc3 e6 5. Bg5 h6 6. Bh4 dxc4 7. e4 g5 8. Bg3 b5
9. Be2 Bb7 10. Qc2 Nbd7 11. Rd1 Qa5 12. Ne5 h5 13. h4 gxh4 14. Rxh4 Be7 15. Kf1
Nxe5 16. dxe5 Nd7 17. Rxh5 O-O-O 18. a3 Qc7 19. Qc1 Rxh5 20. Bxh5 Rf8 21. Qh6
a5 22. Qg7 b4 23. axb4 axb4 24. Ne2 Nc5 25. Bxf7 Kb8 26. Nf4 c3 27. bxc3 bxc3
28. Nxe6 c2 29. Rc1 Nxe6 30. Bxe6 Qd8 31. Bd7 Ka7 32. e6 Bf6 33. Qg4 Rg8 34.
Qf3 Ba6+ 35. Kg1 Bd4 36. Rxc2 Qg5 37. Bxc6 Rg7 38. Qf4 Qd8 39. Rd2 Rxg3 40.
Qxg3 Qa5 41. Rxd4 Qa1+ 42. Kh2 Qxd4 1-0